000
00236nam a2200097Ia 4500
008
240331s9999 xx 000 0 und d
082
_b
CHA
100
_a
Cencsus and Studies. ed
245
0
_a
Changing role of women in Sri lanka
942
_c
L
999
_c
5408
_d
5408